1319 1540 1886 1918 1378 1362 1802 1048 1816 1117 1880 1178 1509 1359 1812 1946 1440 1470 1498 1257 1543 1240 1337 1986 1518 1549 1518 1001 1246 1951 1662 1188 1381 1428 1045 1755 1304 1933 1285 1795 1020 1200 1072 1565 1562 1376 1411 1327 1222 1672 1440 1857 1423 1386 1707 1511 1526 1265 1913 1916 1346 1700 1856 1550 1781 1346 1649 1966 1992 1780 1533 1425 1001 1657 1520 1389 1865 1623 1114 1799 1394 1116 1348 1115 1434 1037 1186 1026 1151 1102 1256 1537 1580 1841 1332 1590 1785 1769 1789 BCNSPRNW ULIB Ver.6.0+V

เปลี่ยนเป็นภาษาไทย

Change to English
 แสดงรายละเอียดบรรณานุกรม
  กลับหน้าหลัก

Brief Record : Get Marc (ISO 2709) : E-mail record : QR code < ปิดหน้าต่าง
LEADER : 00000nam 2200000uu 4500
001    13399111194
003     ULIB
008    110620s||||||||th 000 0 tha d
020    9789742721343
020    9742721343
050  4 BF636^bว582อ 2544
100 0  วิทยา นาควัชระ
245 10 อยู่อย่างสง่า /^cวิทยา นาควัชระ
250    พิมพ์ครั้งที่ 11
260    กรุงเทพฯ :^bอมรินทร์พริ้นติ้ง,^c2544
300    228 หน้า :^bภาพประกอบสี ;^c25 ซม.
500    หนังสือดีเด่น รางวัล Best-sellers Award
650  7 การดำเนินชีวิต
650  7 คุณภาพชีวิต
650  7 จิตวิทยาประยุกต์
945    ^p325^l0^i025000
995    ทศพร
999 ^a ใช้งานได้ทุกระบบ
รายการนี้ยังไม่มีแท็ก
คุณยังไม่ได้ล็อกอิน คุณสามารถมีกิจกรรมร่วมกับเว็บไซต์ได้ แต่ต้องล็อกอินก่อน ::
  ล็อกอิน

รายการสื่อสารสนเทศ

ลำดับที่ ประเภท เลขเรียก/บาร์โค้ด สถานที่ สถานะ
- ไม่พบข้อมูล -

รายการใกล้เคียง
    ผู้แต่ง [วิทยา นาควัชระ]

    หัวเรื่อง [การดำเนินชีวิต]
    หัวเรื่อง [คุณภาพชีวิต]
    หัวเรื่อง [จิตวิทยาประยุกต์]

BibComment


ยังไม่เคยถูกคอมเมนท์

คอมเมนท์ทรัพยากรรายการนี้
  คอมเมนท์: อยู่อย่างสง่า วิ..


 Copyright 2026. Bcnsprnw @Library